Gifts and graces: (Record no. 5763)

000 -LEADER
fixed length control field 00756nam a2200205 a 4500
001 - CONTROL NUMBER
control field :::00003505$&:&@@
003 - CONTROL NUMBER IDENTIFIER
control field OkBaRHE
005 - DATE AND TIME OF LATEST TRANSACTION
control field 20100401124944.0
008 - FIXED-LENGTH DATA ELEMENTS--GENERAL INFORMATION
fixed length control field s1968 j 000 0 eng u
040 ## - CATALOGING SOURCE
Transcribing agency
100 1# - MAIN ENTRY--PERSONAL NAME
Personal name Bittlinger, Arnold, 1928-
245 10 - TITLE STATEMENT
Title Gifts and graces:
Remainder of title a commentary on I Corinthians 12-14.
Statement of responsibility, etc Translation from German by Herbert Klassen and supervised by Michael Harper.
250 ## - EDITION STATEMENT
Edition statement [1st U.S. ed.]
260 ## - PUBLICATION, DISTRIBUTION, ETC. (IMPRINT)
Place of publication, distribution, etc Grand Rapids, MI., :
Date of publication, distribution, etc 1968
300 ## - PHYSICAL DESCRIPTION
Extent 122 p. ;
Dimensions 21 cm.
650 ## - SUBJECT ADDED ENTRY--TOPICAL TERM
Topical term or geographic name as entry element Bible New Testament 1 Corinthians XII-XIV
General subdivision Commentaries
730 ## - ADDED ENTRY--UNIFORM TITLE
Uniform title Gnadengaben. English
942 ## - ADDED ENTRY ELEMENTS (KOHA)
Source of classification or shelving scheme
Koha item type Books
Copies
Full call number Koha item type Withdrawn status Date acquired Date last seen Copy number Barcode Shelving location Damaged status Source of classification or shelving scheme Permanent Location Lost status Not for loan Price effective from
BS 2675.3 .B513 1968Books 2010-04-142018-04-0313505General Stacks  RHEMA Bible Training College  2010-04-14